| 000 | 00922cab a2200301 4500 | ||
|---|---|---|---|
| 001 | ABS56841 | ||
| 008 | 090401t1997 xxu||||| |||| 00| 0 eng d | ||
| 035 | _a(Sirsi) u77996 | ||
| 041 | _aeng | ||
| 245 | _aPublic access to farmland - RUPPS | ||
| 260 | _c1997 | ||
| 350 | _a0 | ||
| 490 |
_aFarm Law _v(19) March 1997, 2-4(3) |
||
| 520 | _aLooks at RUPPS - Roads Used as Public Paths, and considers the problems surrounding their definition. | ||
| 650 | _aBOATS | ||
| 650 | _aGREEN LANES | ||
| 650 | _aNATIONAL PARKS AND ACCESS TO COUNTRYSIDE ACT 1949 | ||
| 650 | _aROAD TRAFFIC ACT 1988 | ||
| 650 | _aROAD TRAFFIC REGULATION ACT 1984 | ||
| 650 | _aROADS USED AS PUBLIC PATHS | ||
| 650 | _aRUPPS | ||
| 650 | _aRURAL WHITE PAPER | ||
| 650 | _aTRAFFIC REGULATION | ||
| 650 | _aWILDLIFE AND COUNTRYSIDE ACT 1981 | ||
| 690 | _aHIGHWAYS RIGHTS OF WAY AND EASEMENTS | ||
| 942 | _n0 | ||
| 948 | _c28/04/1997 | ||
| 999 |
_c49060 _d49060 |
||